Les sélections sociales (Record no. 166831)

MARC details
000 -LEADER
campo de control de longitud fija 00794nam a22001935i 4500
001 - NÚMERO DE CONTROL
campo de control 166831
003 - IDENTIFICADOR DE NÚMERO DE CONTROL
campo de control ES-MaACL
005 - FECHA Y HORA DE LA ÚLTIMA TRANSACCIÓN
campo de control 20250805062615.0
008 - DATOS DE LONGITUD FIJA--INFORMACIÓN GENERAL
campo de control de longitud fija 980131s1896 fr |||| | fre d
040 ## - FUENTE DE CATALOGACIÓN
Centro catalogador/agencia de origen NA
Lengua de catalogación spa
Centro/agencia transcriptor NA
100 0# - ENTRADA PRINCIPAL--NOMBRE DE PERSONA
Nombre de persona Vacher de Lapouge, Georges.
9 (RLIN) 112375
245 14 - MENCIÓN DEL TÍTULO
Título Les sélections sociales
Resto del título : cours libre de science politique professé a l'université de Montpellier (1888-1889) /
Mención de responsabilidad, etc. par G. Vacher de Lapouge.
260 ## - PUBLICACIÓN, DISTRIBUCIÓN, ETC.
Lugar de publicación, distribución, etc. Paris :
Nombre del editor, distribuidor, etc. Librairie Thorin & Fils, A. Fontemoing Successeur,
Fecha de publicación, distribución, etc. 1896 (
Lugar de fabricación/manufactura Chatillon-Sur-Seine :
Fabricante Imprimerie Générale, Pichat et Pepin)
300 ## - DESCRIPCIÓN FÍSICA
Extensión XII, 503 p. ;
Dimensiones 23 cm.
650 #7 - PUNTO DE ACCESO ADICIONAL DE MATERIA--TÉRMINO DE MATERIA
Término de materia o nombre geográfico como elemento de entrada Antropología física
Fuente del encabezamiento o término embne
9 (RLIN) 9893
650 #7 - PUNTO DE ACCESO ADICIONAL DE MATERIA--TÉRMINO DE MATERIA
Término de materia o nombre geográfico como elemento de entrada Sociología
Fuente del encabezamiento o término embne
9 (RLIN) 17195
852 ## - LOCALIZACIÓN
Ubicación ES-MaACL
Número de control de estantería F-9447
Nota libre -- Enc. tela
Holdings
Estatus retirado Estado de pérdida Estado de daño No para préstamo Colección Biblioteca de origen Biblioteca actual Ubicación en estantería Fecha de adquisición Fuente de adquisición Total de préstamos Signatura topográfica completa Código de barras Visto por última vez Precio de reemplazo Tipo de ítem Koha
        Libros del s. XIX Biblioteca del Ateneo de Madrid Biblioteca del Ateneo de Madrid Sala Pecera Planta 2 17/01/2008     F-9447 1174993 23/02/2023 23/02/2023 Libro impreso antiguo